00672nam a2200217Ia 4500001000900000003000500009005001700014008004100031010001100072020001800083040000900101082002400110100003100134245010900165260003200274300001100306503000800317504003100325650006000356650003800416dia_2370CHAP20251027145843.0220117s1982 xx 000 0 und d a172892 a968-18-1477-0 cCHAP a658.312404 C35 1982 aCalderón Córdova, Hugo aManual para la administración del proceso de capacitación de personal /c Hugo Calderón Córdova aMéxico :b Limusa,c1982 a129 p. aC/e aBibliografía: p. 123-124 aAdministración de personalxProgramas educacionales  aPersonnel managementxTraining of